USA Presidents Quiz - Statistics

General Stats
  • This quiz has been taken 164 times
  • The average score is 2 of 8
Answer Stats
Hint Answer % Correct
How many Presidents are there so far? 45
98%
Who is the Tallest? Abraham Lincoln
31%
Who is the Oldest? Donald trump
31%
Which President was between "1929-1933"? Herbert Hoover
23%
Who is the Shortest? James Madison
20%
Who is the Youngest? Theodore Roosevelt
19%
Who is the fattest President? William Taft
17%
Who is the Thinnest President? James Madison
4%
No matching quizzes found
Score Distribution
Percent of People with Each Score
Percentile by Number Answered
Your Score History
You have not taken this quiz